Proyecto de ley: los partidos políticos en Nicaragua
Ante una nueva coyuntura que se abre en Nicaragua con la presentación del anteproyecto de ley sobre los partidos políticos, se trata de brindar algunos elementos generales que permitan la mejor comprensión de esta situación
Shranjeno v:
| Format: | Texto |
|---|---|
| Teme: | |
| Oznake: |
Označite
Brez oznak, prvi označite!
|
MARC
| LEADER | 00000 a a2200000 04500 | ||
|---|---|---|---|
| 001 | 18106 | ||
| 003 | |||
| 040 | |||
| 245 | |a Proyecto de ley: |b los partidos políticos en Nicaragua | ||
| 520 | |a Ante una nueva coyuntura que se abre en Nicaragua con la presentación del anteproyecto de ley sobre los partidos políticos, se trata de brindar algunos elementos generales que permitan la mejor comprensión de esta situación | ||
| 650 | |a PARTIDOS POLITICOS | ||
| 650 | |a POLTICA | ||
| 650 | |a LEGISLACION | ||
| 650 | |a NICARAGUA | ||
| 773 | |g volumen 6, número 9; (1982) Pàginas: 141-143 | ||
| 999 | |c 28407 |d 28407 | ||
| 773 | 0 | |0 42391 |9 4083 |a Agencia Latinoamericana de Información, ALAI |d Quito, Ecuador: ALAI |o 03965 |t ALAI: |x 08275564 (Servicio mensual de información y documentación) | |
